ARRUPE JESUIT UNIVERSITY

CORONAVIRUS -STOP THE SPREAD - CLEAN,DISINFECT,COVER

The social mind : (Record no. 123207)

MARC details
000 -LEADER
fixed length control field 01048cam a2200337 a 4500
001 - CONTROL NUMBER
control field 1076354
005 - DATE AND TIME OF LATEST TRANSACTION
control field 20150828122954.0
008 - FIXED-LENGTH DATA ELEMENTS--GENERAL INFORMATION
fixed length control field 920414s1992 nyua b 001 0 eng
010 ## - LIBRARY OF CONGRESS CONTROL NUMBER
LC control number 91036812
020 ## - INTERNATIONAL STANDARD BOOK NUMBER
International Standard Book Number 0897892488 (alk. paper)
020 ## - INTERNATIONAL STANDARD BOOK NUMBER
International Standard Book Number 0897892496 (pbk.)
035 ## - SYSTEM CONTROL NUMBER
System control number (OCoLC)24546297
035 ## - SYSTEM CONTROL NUMBER
System control number (OCoLC)ocm24546297
035 ## - SYSTEM CONTROL NUMBER
System control number (CStRLIN)NYCG92-B25802
035 ## - SYSTEM CONTROL NUMBER
System control number (NNC)1076354
040 ## - CATALOGING SOURCE
Original cataloging agency DLC
Transcribing agency DLC
Modifying agency NNC
050 00 - LIBRARY OF CONGRESS CALL NUMBER
Classification number P40
Item number .G45 1992
082 00 - DEWEY DECIMAL CLASSIFICATION NUMBER
Classification number 306.4/4
Edition number 20
090 ## - LOCALLY ASSIGNED LC-TYPE CALL NUMBER (OCLC); LOCAL CALL NUMBER (OCLC)
Classification number (OCLC) (R) ; Classification number, CALL (RLIN) (NR) P40
Local cutter number (OCLC) ; Book number/undivided call number, CALL (RLIN) .G45 1992
100 1# - MAIN ENTRY--PERSONAL NAME
Personal name Gee, James Paul.
9 (RLIN) 19227
245 14 - TITLE STATEMENT
Title The social mind :
Remainder of title language, ideology, and social practice /
Statement of responsibility, etc James Paul Gee.
260 ## - PUBLICATION, DISTRIBUTION, ETC. (IMPRINT)
Place of publication, distribution, etc New York :
Name of publisher, distributor, etc Bergin & Garvey,
Date of publication, distribution, etc 1992.
300 ## - PHYSICAL DESCRIPTION
Extent xxi, 175 p. :
Other physical details ill. ;
Dimensions 24 cm.
490 1# - SERIES STATEMENT
Series statement Language and ideology series
504 ## - BIBLIOGRAPHY, ETC. NOTE
Bibliography, etc Includes bibliographical references and index.
650 #0 - SUBJECT ADDED ENTRY--TOPICAL TERM
Topical term or geographic name as entry element Sociolinguistics.
9 (RLIN) 1467
650 #0 - SUBJECT ADDED ENTRY--TOPICAL TERM
Topical term or geographic name as entry element Social psychology.
9 (RLIN) 16638
830 #0 - SERIES ADDED ENTRY--UNIFORM TITLE
Uniform title Series in language and ideology.
9 (RLIN) 19228
942 ## - ADDED ENTRY ELEMENTS (KOHA)
Source of classification or shelving scheme Library of Congress Classification
Item type Monograph ( Printed materials)
Holdings
Withdrawn status Lost status Source of classification or shelving scheme Damaged status Not for loan Collection code Home library Current library Shelving location Date acquired Total Checkouts Full call number Barcode Date last seen Price effective from Koha item type
    Library of Congress Classification     Main Collection ARRUPE LIBRARY ARRUPE LIBRARY Main Collection 28/08/2015   P40 .G45 1992 46500004001 26/02/2019 28/08/2015 Monograph ( Printed materials)

 

Arrupe Library. PO Box MP320 Mt Pleasant, Harare, Zimbabwe
263 242 745411|librarian@aju.ac.zw